[Event "Boeing Action"]
[Site "?"]
[Date "1972.09.12"]
[Round "1"]
[White "Moulijn, J."]
[Black "Bailey, B."]
[Result "0-1"]
[WhiteElo "1650"]
[BlackElo "2036"]
[Annotator "Stockfish 12 (20s)"]
[PlyCount "62"]
[EventDate "1972.??.??"]

{C70: Ruy Lopez: 3...a6 4 Ba4, Norwegian and Delayed Schliemann} 1. e4 e5 2.
Nf3 Nc6 3. Bb5 a6 4. Ba4 b5 5. Bb3 Bc5 6. c3 Nf6 7. d4 exd4 8. cxd4 Bb4+ 9. Bd2
Nxe4 10. Bxf7+ $146 (10. Qe2 Qe7 11. O-O Nxd2 12. Qxe7+ Nxe7 13. Nbxd2 O-O 14.
Ne4 Bb7 15. Neg5 Ng6 16. Rac1 Rac8 17. a3 Ba5 18. h4 h6 19. Nh3 Bxf3 20. gxf3
Nxh4 21. Bd5 c6 22. Ba2 Nxf3+ 23. Kh1 Nxd4 24. Rfd1 Bb6 {
Tates,T-Huebner,W Hengelo 2001 1/2-1/2 (72)}) (10. Bxb4 Nxb4 11. Bxf7+ (11. d5
a5 12. a3 Na6 13. O-O O-O 14. Qd3 Nac5 15. Qe3 d6 16. Bc2 Re8 17. Qf4 Qf6 18.
Qxf6 Nxf6 19. Nc3 Bb7 20. Nxb5 Nxd5 21. Rfd1 Re7 22. h3 Nf4 23. Nbd4 g6 24. Re1
Rae8 25. Rxe7 Rxe7 {
Camps de Ocampo,A (1800)-Palasto,M (1800) Buenos Aires 1978 0-1 (56)}) 11...
Kxf7 12. Qb3+ d5 13. Qxb4 Rf8 14. Nc3 Kg8 15. O-O Rxf3 16. Nxe4 Rf4 17. Ng3 c6
18. Qc3 Bd7 19. Qe3 Qf8 20. Rae1 Re8 21. Qd2 Rf6 22. Rxe8 Qxe8 23. Re1 Re6 24.
Rxe6 Qxe6 {Pusch,T (1648)-Palenta,D (1591) Duisburg 2004 1/2-1/2}) (10. Bxb4 $5
Nxb4 11. O-O $11) 10... Kxf7 $15 11. Qb3+ d5 12. Bxb4 Re8 (12... a5 13. Bd2
Nxd2 14. Nbxd2 Re8+ 15. Kd1 Bg4 $15) 13. O-O $15 Bg4 (13... a5 14. Bd2 Bg4 15.
Ne5+ (15. Qxb5 Bxf3 16. Qxc6 Re6 $19) 15... Nxe5 16. dxe5 Rxe5 17. Be3 $11 (17.
Qxb5 Nxd2 18. Nxd2 Be2 $19)) 14. Ne5+ Nxe5 15. dxe5 Be6 $4 (15... a5 16. f3
axb4 17. fxe4+ Kg8 18. exd5 Be2 $11) 16. f4 (16. f3 $142 Kg8 17. fxe4 dxe4 18.
Qe3 $18) 16... Kg8 $4 (16... c5 $142 17. Be1 Bf5 $11) 17. f5 $16 Bc8 $2 (17...
c5 18. Be1 Bc8 19. e6 $18) 18. e6 (18. f6 $142 Be6 19. Nd2 Nxd2 $18) 18... c5
$4 (18... Qg5 19. Qc2 Qe3+ 20. Kh1 a5 $16) 19. Bc3 (19. Nd2 Bxe6 20. fxe6 Nxd2
21. Bxd2 Rxe6 $18) 19... Qb6 $4 (19... Qg5 20. Be1 Bb7 21. h4 $11) 20. Kh1 (20.
Qxd5 $142 Bxe6 21. Qxe4 $18 (21. fxe6 $143 Qxe6 22. Qxe6+ Rxe6 $18)) 20... c4
21. Qc2 Bb7 22. Be1 $4 (22. Nd2 $142 Nf2+ 23. Rxf2 Qxf2 24. Rf1 $11) 22... d4
$19 23. Bf2 (23. Qe2 d3 24. Qh5 $19) 23... Qd6 {Black plans d3} 24. Nd2 d3 25.
Nxe4 (25. Qc1 Rf8 26. Be1 h6 27. Nxe4 Bxe4 $19) 25... Bxe4 (25... dxc2 $4 26.
Nxd6 Bd5 27. Rac1 $18) 26. Qd2 Bxf5 27. Bg3 (27. Rae1 Rxe6 28. Bg3 Qd5 29. Rxe6
Bxe6 $19) 27... Qxe6 28. Rae1 Qg6 (28... Be4 29. h4 $19) 29. Qf4 (29. Be5 Bg4
30. Bc3 Be2 $19) 29... Rxe1 (29... Be4 30. a3 $19) 30. Rxe1 (30. Bxe1 Be4 31.
Rf2 h6 $19) 30... Rf8 31. Qd4 (31. Rf1 Re8 $19) 31... Qg4 (31... Qg4 32. Qd6 h6
$19) 0-1

[Event "Boeing Action"]
[Site "?"]
[Date "1972.09.12"]
[Round "2"]
[White "Bailey, B."]
[Black "Lassen, M."]
[Result "1-0"]
[WhiteElo "2036"]
[BlackElo "1822"]
[Annotator "Stockfish 13 (15s)"]
[PlyCount "107"]
[EventDate "1972.??.??"]

{C42: Petroff Defence: 3 Nxe5 and unusual White 3rd moves} 1. e4 e5 2. Nf3 Nf6
3. Nxe5 d6 4. Nf3 Nxe4 5. d4 d5 6. Bd3 Bf5 7. O-O Bd6 8. Re1 O-O 9. c4 c6 10.
c5 Bc7 11. Ng5 (11. Nc3 Re8 (11... Nxc3 12. bxc3 Bxd3 13. Qxd3 Nd7 14. Bg5 f6
15. Bh4 Re8 16. c4 Nf8 17. Rxe8 Qxe8 18. cxd5 cxd5 19. Qb3 Qc6 20. Re1 Kf7 21.
Nd2 Ne6 22. Qd3 h6 23. Bg3 Bxg3 24. hxg3 Re8 25. Rb1 Re7 26. Nf3 {
Schoene,M (2155)-Teodorescu,A (2126) Yerevan 2006 1-0 (31)}) 12. Qc2 Na6 13. a3
Bg4 14. Nxe4 dxe4 15. Rxe4 Bxf3 16. Rxe8+ Qxe8 17. gxf3 Qd8 18. Bxh7+ Kh8 19.
Be4 Qh4 20. f4 Re8 21. Be3 Bxf4 22. Bxf4 Qxf4 23. Bg2 Qxd4 24. Rc1 Kg8 25. b4
Nc7 {Socko,B (2556)-Rozentalis,E (2553) Bydgoszcz 2000 1/2-1/2 (81)}) 11... Re8
$146 (11... Bg6 12. Bxe4 dxe4 13. Nc3 Re8 14. Qb3 b5 15. Ngxe4 Na6 16. Bg5 Qxd4
17. Rad1 Qb4 18. Qxb4 Nxb4 19. a3 Bxe4 20. Rxe4 Rxe4 21. Nxe4 Nd5 22. Nd6 f6
23. Bh4 Bxd6 24. cxd6 Rd8 25. Bg3 Nb6 26. f3 {
Cheparinov,I (2572)-Kosteniuk,A (2490) Wijk aan Zee 2005 1/2-1/2 (35)}) 12.
Nxe4 (12. Bxe4 dxe4 13. Nc3 $11) 12... Bxe4 (12... dxe4 $142 13. Bc2 h6 $15)
13. Bxe4 $14 dxe4 14. Nc3 f5 $4 (14... Nd7 15. g3 (15. Rxe4 $143 Bxh2+ 16. Kxh2
Rxe4 17. Nxe4 Qh4+ 18. Kg1 Qxe4 $15) 15... f5 16. Qb3+ Kh8 17. Qxb7 $14) 15. d5
$4 (15. Qb3+ $142 Kf8 16. Qxb7 $18) 15... cxd5 $14 16. Nxd5 (16. Qb3 Nc6 17.
Rd1 Kh8 18. Nxd5 Be5 $11) 16... Nc6 $11 17. Bg5 $2 (17. Be3 $11) 17... Qc8 $4 (
17... Bxh2+ $142 18. Kxh2 Qxg5 $19) 18. Qh5 (18. Qb3 $5 Kh8 19. Rad1 $11) 18...
Be5 $11 19. Rab1 (19. Red1 $5 $11) 19... Qe6 20. Rbd1 Bxb2 $4 (20... Rf8 $142
$17) 21. Nc7 $18 Qg6 (21... Qf7 22. Qxf7+ Kxf7 23. Nxa8 Rxa8 24. Rd7+ Kg6 25.
Rxb7 $18) 22. Qxg6 hxg6 23. Nxa8 Rxa8 24. Rb1 Bd4 (24... Bc3 25. Red1 b6 26.
Rd6 $18) 25. Rxb7 Bxc5 (25... Be5 26. Kf1 $18) 26. Rc7 Nb4 27. Rxc5 Nd3 28.
Rec1 $1 Nxc1 29. Rxc1 a5 (29... Rb8 30. g3 Rb2 31. a4 $18) 30. Rd1 (30. g3 $142
$18) 30... a4 (30... Kh7 31. g3 a4 $18) 31. Rd8+ Rxd8 32. Bxd8 Kf7 (32... a3
$18) 33. a3 Ke6 34. Kf1 f4 35. Ke2 Kf5 36. h4 Kg4 37. Be7 Kf5 38. g3 fxg3 39.
fxg3 Ke6 (39... Kg4 40. Bg5 Kf5 41. Ke3 Kg4 42. Kxe4 Kh5 43. Kd5 Kg4 44. Ke6
Kf3 45. Kf7 Kg4 46. Kxg7 Kf5 47. Kh6 Ke4 48. Kxg6 Kd3 49. h5 Kc2 50. h6 Kb1 51.
h7 Kc2 52. Kf5 Kd3 53. h8=Q Kc4 54. Ke4 Kb5 55. Qb8+ Kc6 56. Bd8 Kd7 57. Qc7+
Ke8 58. Qe7#) 40. Bg5 Ke5 (40... Kf5 41. Ke3 Kg4 42. Kxe4 Kh5 43. Bd2 g5 44.
Bxg5 Kg4 45. Bf4 g6 46. Ke5 Kf3 47. Bg5 Kg4 48. Kf6 Kh5 49. Bf4 Kg4 50. Kxg6
Kf3 51. h5 Ke2 52. h6 Kd1 53. h7 Ke2 54. Kf5 Kd3 55. h8=Q Kc4 56. Ke4 Kc5 57.
Qc8+ Kb6 58. Be3+ Ka5 59. Qc5+ Ka6 60. Qb6#) 41. Ke3 Kd5 (41... Kf5 42. Bf4 Kg4
43. Kxe4 Kh5 44. Kf3 g5 45. Bxg5 Kg6 46. Kf4 Kf7 47. Kf5 g6+ 48. Ke5 Kg8 49.
Ke6 Kg7 50. g4 Kf8 51. Be7+ Ke8 52. h5 g5 53. Bxg5 Kf8 54. h6 Kg8 55. Kf6 Kh7
56. Kf7 Kh8 57. Kg6 Kg8 58. h7+ Kh8 59. Bf6#) 42. Bf4 g5 (42... Ke6 43. Kxe4
Kf7 44. g4 Ke8 45. Kd5 Kd7 46. Be5 Ke7 47. Bxg7 Kf7 48. Bh6 Ke7 49. Bg5+ Kf7
50. Kd6 Kg8 51. Ke7 Kg7 52. h5 gxh5 53. gxh5 Kg8 54. h6 Kh8 55. Bf4 Kh7 56. Kd6
Kg8 57. h7+ Kxh7 58. Kc5 Kg6 59. Kb4 Kf5 60. Kxa4 Kxf4 61. Kb5 Ke4 62. a4 Kd5
63. a5 Kd6 64. Kb6 Kd7 65. a6 Kd6 66. a7 Ke5 67. a8=Q Kf4 68. Kc5 Ke3 69. Qd5
Kf2 70. Kd4 Kg3 71. Ke3 Kg4 72. Qb5 Kg3 73. Qg5+ Kh2 74. Kf2 Kh1 75. Qh4#) 43.
Bxg5 Ke5 44. Bf4+ (44. g4 Kd5 45. h5 Ke5 46. Bf4+ Kf6 47. Kxe4 Kf7 48. Ke5 Ke7
49. g5 Kf7 50. g6+ Kf8 51. Ke6 Kg8 52. h6 gxh6 53. Bxh6 Kh8 54. g7+ Kg8 55. Ke7
Kh7 56. Kf7 Kxh6 57. g8=Q Kh5 58. Qg3 Kh6 59. Qh4#) 44... Kf5 45. Kd4 (45. Bc7
g6 46. Bf4 Kf6 47. Kxe4 Ke6 48. g4 Kf6 49. Kd5 Kf7 50. Bg5 Kg8 51. Ke6 Kf8 52.
Be7+ Ke8 53. h5 g5 54. Bxg5 Kf8 55. h6 Kg8 56. Kf6 Kh7 57. Kf7 Kh8 58. Kg6 Kg8
59. h7+ Kh8 60. Bf6#) 45... g6 46. Kc4 Kg4 47. Kb4 Kf3 48. Kxa4 e3 49. Bxe3 $1
Kxe3 50. g4 Kf4 51. h5 Kg5 52. Kb5 gxh5 53. gxh5 Kxh5 54. a4 1-0

[Event "Boeing Experts"]
[Site "?"]
[Date "1972.10.10"]
[Round "1"]
[White "Bailey, B."]
[Black "Knittle, J."]
[Result "1-0"]
[WhiteElo "2018"]
[BlackElo "1711"]
[Annotator "Stockfish 14 (15s)"]
[PlyCount "49"]
[EventDate "1972.??.??"]

{B62: Sicilian: Richter-Rauzer: 6...e6: Unusual White 7th moves} 1. e4 c5 2.
Nf3 Nc6 3. d4 cxd4 4. Nxd4 Nf6 5. Nc3 d6 6. Be2 e6 7. Bg5 Be7 8. O-O a6 9. Kh1
Bd7 10. f4 O-O (10... Qc7 11. Nf3 h6 12. Bh4 g5 13. fxg5 hxg5 14. Bxg5 O-O-O
15. Qd2 d5 16. Bxf6 Bxf6 17. exd5 Nd4 18. d6 Qxd6 19. Ne4 Qc7 20. Bd3 Nxf3 21.
gxf3 Be5 22. Rf2 f5 23. Nc3 Bc6 24. Ne2 Bxf3+ 25. Rxf3 {
Rantanen,Y (2440)-Yrjola,J (2515) Helsinki 1984 0-1}) 11. Nf3 (11. Nb3 b5 12.
Bf3 b4 13. Ne2 Rc8 14. Ned4 a5 15. Nxc6 Bxc6 16. e5 Bxf3 17. Rxf3 dxe5 18. Qxd8
Bxd8 19. fxe5 Ng4 20. Bf4 a4 21. Nd4 Bb6 22. c3 bxc3 23. bxc3 Rxc3 24. Ne2 Rc2
25. Ng3 Bd4 {Kristinsdottir,A-Chistiakova,T (2336) Rethymnon 2003 0-1 (41)})
11... Ng4 $146 (11... Qc7 12. e5 (12. Qe1 h6 13. Bh4 b5 14. Qg3 b4 15. Bxf6
Bxf6 16. e5 dxe5 17. Ne4 Be7 18. fxe5 f5 19. exf6 Qxg3 20. Nxg3 Bxf6 21. Rad1
Rad8 22. Bxa6 Bxb2 23. Bb5 Nd4 24. Bc4 Bb5 25. Bxb5 Nxb5 26. Rb1 Ba3 {
Vegetti,E-Belotti,B (2375) Mendrisio 1988 0-1 (53)}) 12... Ne8 13. Ne4 dxe5 14.
fxe5 Bxg5 15. Nexg5 g6 16. Qe1 h6 17. Qh4 Kg7 18. Rad1 Ne7 19. Nh7 Nf5 20. Nxf8
Kxf8 21. Qf2 Bc6 22. g4 Ne7 23. Kg1 Nd5 24. Nd4 Qe7 25. c4 Ndc7 26. Nxc6 {
Rantanen,Y (2410)-Adhami,V (2335) La Valetta 1980 1-0}) (11... Be8 12. Qe1 h6
13. Bh4 $11) 12. Qd2 $14 f6 (12... Qb6 $5 13. h3 Bxg5 14. Nxg5 Nf6 15. Qxd6 h6
$14) 13. Bh4 $16 Rc8 14. a3 Nb8 $4 (14... f5 $142 15. Bxe7 Nxe7 $16) 15. Nd4
$18 Nh6 16. b3 (16. f5 $142 exf5 17. exf5 Kh8 $18) 16... f5 $2 (16... Nc6 $142
$5 17. Nf3 Be8 $14) 17. Bxe7 $18 Qxe7 18. Bc4 $4 (18. exf5 $142 Nxf5 19. Nxf5
Rxf5 20. Rae1 $18) 18... fxe4 $17 19. f5 d5 20. fxe6 dxc4 21. exd7 Qxd7 $4 (
21... Nxd7 22. Rxf8+ Rxf8 $17 (22... Kxf8 $6 23. Nxe4 cxb3 24. cxb3 $11) (22...
Nxf8 $6 23. Re1 $17)) 22. Nxe4 $11 cxb3 23. cxb3 Nc6 24. Nxc6 Qxd2 $4 (24...
Qxc6 $142 25. Ng3 Qb5 $11) 25. Ne7+ $18 (25. Ne7+ Kh8 26. Nxd2 Rxf1+ 27. Rxf1
$18) (25. Nxd2 $6 Rxc6 26. Kg1 Ng4 $11) 1-0

[Event "Boeing Experts"]
[Site "?"]
[Date "1972.10.24"]
[Round "2"]
[White "Tusnadi, E."]
[Black "Bailey, B."]
[Result "1-0"]
[WhiteElo "1805"]
[BlackElo "2039"]
[Annotator "Stockfish 14 (15s)"]
[PlyCount "43"]
[EventDate "1972.??.??"]

{A23: English Opening: 1...e5 2 Nc3 Nf6 3 g3 c6} 1. c4 e5 2. Nc3 Nf6 3. g3 c6
4. d4 exd4 5. Qxd4 d5 6. Bg5 Be7 7. Nh3 $146 (7. O-O-O dxc4 8. Qxd8+ Bxd8 9.
Ne4 Be7 10. Nd6+ Bxd6 11. Rxd6 Nbd7 12. Bg2 O-O 13. Nh3 h6 14. Be3 Re8 15. Rhd1
Nb6 16. Nf4 Bf5 17. Bd4 Ne4 18. Bxe4 Rxe4 19. f3 Re7 20. e4 Be6 21. Bxb6 axb6 {
Pachman,L-Auer,F Prague 1955 1-0 (55)}) (7. Rd1 O-O (7... Be6 8. cxd5 cxd5 9.
Bg2 Nc6 10. Qd2 O-O 11. e3 Qb6 12. Nge2 Rfd8 13. O-O Ne4 {
1/2-1/2 (13) Beck,A-Schaefer,P Hassloch 1998}) 8. cxd5 Nxd5 9. Bxe7 Qxe7 10.
Nxd5 cxd5 11. Bg2 Nc6 12. Qd2 Re8 13. Nf3 Bg4 14. h3 Bh5 15. g4 Bg6 16. e3 d4
17. Nxd4 Nxd4 18. Qxd4 Rad8 19. Qa4 Rxd1+ 20. Qxd1 Rd8 21. Qb3 Bd3 {
Rajna,G (2400)-Groszpeter,A (2480) Budapest 1980 1/2-1/2 (56)}) (7. Nf3 O-O 8.
Bg2 h6 9. Bf4 c5 10. Qd3 d4 11. Nb5 Nc6 12. Bc7 Qe8 13. O-O Bg4 14. h3 Bh5 15.
Ne5 a6 16. Nxc6 bxc6 17. Na3 Bd8 18. Bxd8 Bxe2 19. Qd2 Bxf1 20. Bxf6 Bxg2 21.
Re1 Qd7 {Rejfir,J-Keres,P Moscow 1956 0-1 (56)}) (7. Bg2 dxc4 8. Qxc4 Be6 9.
Qa4 Qb6 10. Bd2 Nbd7 11. Nf3 Nc5 12. Qc2 a5 13. O-O O-O 14. Ng5 h6 15. Nxe6
Nxe6 16. Rae1 Rfd8 17. e4 Nd4 18. Qc1 Bf8 19. e5 Nd7 20. Qb1 Nc5 21. Be3 Qa6 {
Dimitrov,I-Pantaleev,D Sofia 1959 1-0 (65)}) (7. cxd5 cxd5 8. Rd1 O-O $11) 7...
c5 (7... dxc4 $5 8. Qxc4 Nbd7 $15) 8. Qf4 $11 h6 $4 (8... d4 $142 9. Bxf6 Bxf6
$11) 9. Bxf6 $18 Bxf6 10. Nxd5 (10. Qe3+ $142 $5 Be6 11. cxd5 $18) 10... Bxb2
$16 11. Rd1 Na6 (11... Qa5+ 12. Qd2 Nc6 13. Bg2 $14) 12. Qe3+ (12. Bg2 $5 O-O
13. O-O $16) 12... Be6 13. Nhf4 (13. Bg2 $5 Qa5+ 14. Kf1 $16) 13... Qa5+ $11
14. Qd2 Nb4 $2 (14... Qxd2+ $142 $5 15. Kxd2 Be5 $11) 15. Bg2 $16 O-O-O $4 (
15... Nxd5 $142 16. Qxa5 Bc3+ 17. Qxc3 Nxc3 $16) 16. O-O $18 (16. Qxb2 $4 Nd3+
17. Kf1 Nxb2 $19) 16... Qxa2 (16... Bf6 17. Nxe6 fxe6 $18) 17. Nxe6 fxe6 18.
Nxb4 (18. Ne7+ $142 Kb8 19. Qf4+ e5 20. Qf7 $18) 18... cxb4 (18... Rxd2 19.
Nxa2 Rxe2 $18) 19. Qxb4 b6 20. Bh3 (20. Qb5 Kb8 21. Rd7 Rxd7 22. Qxd7 Qa6 23.
Qd6+ Kc8 24. Rd1 Qa4 25. Qxe6+ Kb8 26. Qd5 Qxd1+ 27. Qxd1 Kc7 28. Qd5 g5 29.
Qb7+ Kd6 30. Qc6+ Ke7 31. Qc7+ Ke8 32. Bc6+ Kf8 33. Bd5 Ke8 34. Be6 Rh7 35.
Qxh7 Bg7 36. Qxg7 g4 37. Qf7+ Kd8 38. Qd7#) 20... Rde8 (20... Bf6 21. Bxe6+ Kb8
$18) 21. Rd2 (21. c5 Re7 22. cxb6 Qa3 23. bxa7 Qxb4 24. a8=Q+ Kc7 25. Qxh8 Rd7
26. Rc1+ Bxc1 27. Rxc1+ Kb6 28. Bg2 Qd6 29. Rb1+ Kc5 30. Qc8+ Rc7 31. Qb8 Kd4
32. Qb2+ Rc3 33. Rd1+ Ke5 34. Qxc3+ Qd4 35. Qxd4+ Kf5 36. Be4+ Kg5 37. Qxg7+
Kh5 38. Bf3#) 21... Ba3 22. Qc3 (22. Qc3 Qxd2 23. Qxd2 $18) 1-0

[Event "Boeing Experts"]
[Site "?"]
[Date "1972.11.21"]
[Round "3"]
[White "Bailey, B."]
[Black "Pitt, A."]
[Result "1/2-1/2"]
[WhiteElo "2038"]
[BlackElo "1970"]
[Annotator "Stockfish 14 (15s)"]
[PlyCount "116"]
[EventDate "1972.??.??"]

{C70: Ruy Lopez: 3...a6 4 Ba4, Norwegian and Delayed Schliemann} 1. e4 e5 2.
Nf3 Nc6 3. Bb5 a6 4. Ba4 b5 5. Bb3 Na5 6. O-O Nxb3 7. axb3 f6 8. d4 d6 9. c4
Bb7 10. Nc3 (10. d5 c6 11. Nc3 cxd5 12. cxd5 g6 13. b4 Bh6 14. Nd2 Ne7 15. Nb3
Bxc1 16. Qxc1 O-O 17. Qe3 Qb8 18. f4 exf4 19. Rxf4 Bc8 20. Kh1 Bd7 21. Raf1 Kg7
22. Qf2 Ng8 23. Ne2 Ra7 24. Nbd4 Rc7 {
Bosiocic,M (2433)-Stefan,K (2223) Velika Gorica 2006 1-0}) 10... Ne7 11. Qe2 b4
12. Nd5 a5 $146 (12... Nc6 13. dxe5 dxe5 14. Rd1 Qc8 15. Be3 Be7 16. Nh4 O-O
17. Nf5 Rf7 18. h4 Bf8 19. h5 Nd8 20. Qg4 Kh8 21. Rd3 Ne6 22. Qh4 Qe8 23. Rad1
c5 24. h6 g6 25. Nxf6 Qc8 26. Rd7 Nd8 27. Rxd8 {
Medina Garcia,A-Zwaig,A Havana 1966 1-0 (37)}) (12... Nxd5 $142 $5 13. cxd5 Be7
$16) 13. dxe5 $18 dxe5 14. Nh4 h5 $4 (14... Nxd5 $142 15. exd5 Kf7 $18) 15.
Nxe7 (15. f4 $142 f5 16. Nxf5 Bxd5 17. cxd5 (17. exd5 $6 Nxf5 18. Qxe5+ Ne7 $16
) 17... Nxf5 18. exf5 Bc5+ 19. Be3 Bxe3+ 20. Qxe3 Qxd5 21. fxe5 $18) 15... Bxe7
$16 16. Rd1 Qc8 17. Ng6 Rh7 18. Nxe7 (18. h3 Bc5 19. Be3 Bxe3 20. Qxe3 Kf7 $16)
18... Kxe7 $14 19. f4 Qg4 20. Qxg4 (20. Qf1 Bxe4 21. Re1 Qf5 $14) 20... hxg4
$11 21. fxe5 fxe5 22. Bg5+ Ke6 23. Rd2 Rah8 24. g3 Ra8 25. Rd8 (25. Bd8 Rc8 26.
Rxa5 Rh8 $11) 25... Bxe4 (25... Rxd8 26. Bxd8 g5 27. Rxa5 $11) 26. Rxa8 $11
Bxa8 27. Rxa5 Bc6 28. Bd2 Rh8 (28... Bf3 $5 $14) 29. Bxb4 $16 Rb8 $2 (29... Bf3
$142 $16) 30. Bc3 $18 Rxb3 31. Rxe5+ Kd6 32. Rg5 Bd7 33. Rxg7 (33. Kf2 $142 $5
Be6 $18) 33... Rb8 34. Rg5 Re8 35. Kf2 Rf8+ $2 (35... Be6 $142 $16) 36. Ke2 $18
Rf3 (36... Bf5 37. Rh5 Kd7 $18) 37. h3 Kc6 38. Be5 Rf5 (38... Rf7 39. h4 Kc5
$18) 39. Rxf5 Bxf5 40. hxg4 Bxg4+ 41. Ke3 Be6 42. Kf4 (42. b3 $142 $18) 42...
Bxc4 $11 43. g4 Kd7 44. Kg5 Be6 45. Kh5 c6 46. g5 Ke7 47. Kg6 Kf8 48. Kh7 Bg8+
49. Kh8 Bf7 50. Bd6+ Ke8 51. Kh7 Bd5 52. g6 Be4 53. Kh6 Bc2 54. Bc5 Bd3 55. Kg7
Bc2 56. Kf6 Bd3 57. b4 Bc2 58. g7 Bb3 1/2-1/2

[Event "Boeing Experts"]
[Site "?"]
[Date "1972.12.05"]
[Round "4"]
[White "Lassen, M."]
[Black "Bailey, B."]
[Result "1-0"]
[WhiteElo "1822"]
[BlackElo "2048"]
[Annotator "Stockfish 14 (15s)"]
[PlyCount "65"]
[EventDate "1972.??.??"]

{E18: Queen's Indian: Old Main Line (4 g3 Bb7 5 Bg2 Be7 6 0-0 0-0 7 Nc3)} 1. d4
Nf6 2. Nf3 b6 3. g3 Bb7 4. Bg2 e6 5. O-O Be7 6. c4 O-O 7. Nc3 c5 8. d5 exd5 9.
Nxd5 (9. Nh4 g6 10. cxd5 d6 11. f4 Nbd7 12. e4 Ne8 13. Nf3 a6 14. a4 b5 15.
axb5 axb5 16. Rxa8 Qxa8 17. Nxb5 Ba6 18. Nc3 Bxf1 19. Qxf1 Nc7 20. e5 Nb6 21.
f5 Ncxd5 22. f6 Bd8 23. Ng5 dxe5 {
Naranja,R (2420)-Ljubojevic,L (2565) Manila 1973 0-1 (34)}) 9... Nc6 $146 (9...
Nxd5 10. cxd5 d6 11. e4 Bf6 12. Qc2 Nd7 13. Bf4 Qc7 14. Rfe1 Rfe8 15. a4 h6 16.
h3 a6 17. Bf1 Rac8 18. Bc4 g5 19. Bd2 Ne5 20. Nxe5 Bxe5 21. f4 Bd4+ 22. Kh2 Qd8
23. Ra3 Rb8 24. Rf3 {Garcia Devesa,J-Bondarovsky,A Castelar 2002 1-0 (45)}) (
9... Nxd5 $5 10. cxd5 d6 $16) 10. Bf4 Rc8 11. a3 (11. Re1 Re8 $16) 11... Re8
12. Qd3 h6 13. e4 Nh5 (13... Bf8 $142 $5 $16) 14. Bd2 $18 Bf8 (14... d6 15.
Rfe1 Nf6 16. Bc3 $18) 15. Rfe1 (15. Bc3 d6 16. g4 Nf6 17. Nxf6+ gxf6 $18) 15...
Ne7 $2 (15... d6 $18) 16. e5 Nxd5 17. cxd5 g6 (17... d6 18. e6 Qf6 19. Bc3 $18)
18. g4 (18. Nh4 c4 19. Qc2 Bg7 20. Nxg6 d6 21. exd6 Qxd6 $18) 18... Ng7 (18...
c4 19. Qd4 Bc5 $18) 19. Bxh6 c4 20. Qd2 Rc5 (20... d6 21. e6 fxe6 $18) 21. Ng5
Be7 22. Rad1 Bxg5 (22... c3 23. bxc3 Rc4 $18) 23. Bxg5 Qc8 24. Bf6 Kh7 25. Qe3
(25. Re3 Rxe5 26. Rh3+ Nh5 27. gxh5 g5 28. Bxe5 Qd8 29. Qc2+ Kg8 30. h6 Kf8 31.
Bg7+ Kg8 32. Bc3 g4 33. h7+ Kf8 34. h8=Q+ Ke7 35. Qf6+ Kf8 36. Qxd8#) 25... Rh8
$18 26. Qc3 Kg8 27. e6 $1 dxe6 (27... dxe6 28. Bxg7 {Combination}) (27... fxe6
28. Bxg7 {Combination}) (27... -- $140 28. exf7+ {Mate threat}) 28. dxe6 Nxe6
29. Bxh8 Bxg2 30. Rxe6 Qf8 (30... f6 31. Qxf6 Rc7 32. Rd8+ Qxd8 33. Qxd8+ Kh7
34. Qxc7+ Kh6 35. Rxg6+ Kxg6 36. Qg7#) 31. Red6 (31. Re8 f6 32. Rxf8+ Kh7 33.
Qxf6 Kh6 34. Bg7+ Kh7 35. Rh8#) 31... Qh6 (31... f6 32. Rd8 Re5 33. Bxf6 Rd5
34. R1xd5 Bxd5 35. Bh8 Kh7 36. Rxf8 Kh6 37. Qf6 c3 38. Qh4#) 32. Rd8+ Kh7 33.
Kxg2 (33. Kxg2 Rh5 34. gxh5 gxh5 35. Bf6 Kg6 36. Qg3+ Kxf6 37. R8d6+ Ke7 38.
Rxh6 c3 39. Qe5+ Kf8 40. Rh8#) (33. Bf6 Rc8 34. Rxc8 Qf8 35. Rxf8 g5 36. Qc2+
Be4 37. Qxe4+ Kh6 38. Rh8#) 1-0

[Event "Boeing Experts"]
[Site "?"]
[Date "1972.12.12"]
[Round "5"]
[White "Bailey, B."]
[Black "Clark, A."]
[Result "1-0"]
[WhiteElo "2048"]
[BlackElo "2130"]
[Annotator "Stockfish 14 (15s)"]
[PlyCount "115"]
[EventDate "1972.??.??"]

{B01: Scandinavian Defence} 1. e4 d5 2. exd5 Qxd5 3. Nc3 Qa5 4. d4 Nf6 5. Nf3
c6 6. Ne5 Nbd7 7. Nc4 Qc7 8. Qf3 Nb6 9. h3 (9. Bf4 Qd8 10. Ne5 h5 11. h3 Be6
12. O-O-O Nfd5 13. Ne4 Nxf4 14. Qxf4 Qd5 15. c4 Qa5 16. Kb1 g6 17. Nc5 Bh6 18.
Qf3 Bf5+ 19. Bd3 Rb8 20. Bxf5 gxf5 21. Qxf5 Rf8 22. Rd3 Bg7 23. Ned7 Nxd7 {
Ikonomopoulou,M (2014)-Stefanidi,M (2096) Athens 2004 1-0}) 9... Be6 10. Bf4
$146 (10. Ne5 Nbd7 11. Nd3 Bc4 12. b3 Ba6 13. Bf4 Qa5 14. Bd2 Qb6 15. Be3 e6
16. Na4 Qa5+ 17. Bd2 Qd5 18. Qe3 Qe4 19. c4 Qxe3+ 20. fxe3 Ne4 21. Bb4 b6 22.
Bxf8 Rxf8 23. Be2 Ng3 24. Rg1 Nxe2 {
Bozic,M (2281)-Csomos,R (2293) Budapest 2000 1/2-1/2 (60)}) 10... Qd7 11. Nxb6
axb6 12. Be5 Nd5 13. Nxd5 (13. Be2 $142 $5 f6 14. Bh2 $14) 13... Bxd5 $11 14.
Qe3 b5 15. f3 f6 16. Bg3 g6 (16... h5 17. Bd3 $11) 17. a3 Bg7 18. Bd3 O-O 19.
O-O Rf7 (19... Bc4 $5 $11) 20. Rfe1 $16 Re8 (20... f5 21. Be5 Bxe5 22. Qxe5 $14
) 21. b3 (21. a4 e6 $16) 21... Rff8 (21... f5 22. Be5 Bxe5 23. dxe5 $14) 22. a4
$16 bxa4 23. Rxa4 b5 24. Ra6 e5 (24... Bf7 $142 $5 $16) 25. dxe5 $18 fxe5 26.
Ra7 Qd8 (26... Qe6 27. Kh2 $18) 27. Qc5 (27. Rd1 $142 Qf6 28. Kh2 $18) 27...
Qg5 $2 (27... Rf7 $142 28. Rxf7 Kxf7 $16) 28. Kh2 $18 h5 (28... Rf6 $18) 29.
Qe3 (29. Be4 $142 $5 Bxe4 30. Rxe4 Qf6 $18) 29... Qf6 $2 (29... Qxe3 30. Rxe3
g5 31. Bg6 $14) 30. c4 $4 (30. Rxg7+ $142 Kxg7 31. Bxe5 Rxe5 32. Qxe5 $18)
30... bxc4 $14 31. bxc4 h4 32. Bf2 Be6 (32... e4 $5 33. cxd5 exd3 34. Qxe8 d2
$14) 33. Rb1 Rf7 34. Rbb7 (34. Rxf7 $142 $5 Kxf7 35. Be4 $18) 34... Rxb7 $14
35. Rxb7 Bf5 36. Be4 Kh7 $4 (36... g5 $142 $14) 37. Bxf5 (37. Qa7 $5 Bxe4 38.
Rf7 Ra8 39. Rxg7+ Qxg7 40. Qxa8 Bf5 41. Qxc6 Qe7 $18) 37... gxf5 38. Qe1 $4 (
38. Qa7 $142 $18) 38... e4 $14 39. Bxh4 Qe5+ (39... Qd6+ 40. Bg3 f4 41. Bh4 $11
) 40. Kh1 (40. Bg3 f4 41. Bf2 e3 42. Qb1+ Kh6 $14) 40... e3 (40... exf3 41.
Qxe5 Rxe5 42. gxf3 $11) 41. Bg5 (41. f4 $142 $5 Qxf4 42. Bf6 $16) 41... e2 42.
Rb1 $4 (42. Bd2 $142 Kg8 43. f4 $11) 42... Kg6 $19 43. Bh4 f4 (43... Qf4 $142
44. Bg3 Qe3 $19) 44. Kh2 (44. Rb6 Re6 45. Kh2 Bf6 $11) 44... Qd4 (44... Bf6
$142 $5 45. Bf2 Rd8 $17) 45. Qb4 Bf8 (45... Bf6 46. Be1 Qd1 47. Qb7 $11) 46.
Qa4 (46. Qb7 $142 Bc5 47. Qxc6+ Kf7 48. Qb7+ Kg8 49. Rh1 $14) 46... Qc5 $2 (
46... Qd7 $142 $14) 47. Be1 $18 Re6 48. Qc2+ (48. Qa8 Qe7 $18) 48... Kh6 (48...
Qf5 49. Qa2 Qe5 $16) 49. Qd3 (49. Rb7 Be7 50. Qd3 Qg5 $18) 49... Bg7 $2 (49...
Qg5 50. g4 fxg3+ 51. Kg2 $16) 50. Qd8 (50. Rb7 Qe5 51. Rd7 Qg5 $18) 50... Bf6 (
50... Qe7 51. Qd2 Qd6 52. Qc2 $11) 51. Qd7 (51. Qc8 $142 Re7 52. h4 $18) 51...
Qxc4 $4 (51... Qe7 $142 52. Qc8 Qe8 $14) 52. Qf7 $18 Qd5 53. Qf8+ (53. Rb7 Qf5
$18) 53... Kg6 (53... Bg7 54. Qxf4+ Kh7 55. Rb7 $18) 54. Rb7 (54. Qg8+ $142 Kf5
55. Qh7+ Ke5 $18) 54... Qg5 (54... Re3 55. Rc7 Qc4 $18) 55. Qf7+ (55. h4 $5
Qg3+ 56. Bxg3 fxg3+ 57. Kh3 e1=Q 58. Qf7+ Kf5 $18) 55... Kf5 56. Qd7 (56. h4
$142 Qg6 57. Qf8 $18) 56... Be5 (56... Qg3+ $1 57. Bxg3 fxg3+ 58. Kxg3 e1=Q+
59. Kh2 Be5+ 60. f4 Bxf4+ 61. g3 Qxg3+ 62. Kh1 Qh2#) 57. Qd3+ $18 Kf6 58. Rh7 (
58. Rh7 Qg3+ $3 59. Kg1 Qxe1+ 60. Kh2 Qg3+ 61. Kg1 e1=Q+ 62. Qf1 Bd4+ 63. Kh1
Qxf1#) 1-0